000 00589nam a22001937a 4500
001 T027600010548
008 181111b xve|||||r|||| 00| | esp d
099 _aIVP-D-05522
_b
100 _aMinisterio de Planificación y Desarrollo
245 _aGestión de los Organismos Regionales de Desarrollo /
_bperíodo enero-septiembre 2001
260 _a
300 _a57 p.
500 _a
650 _aAnálisis de gestión
650 _ametas físicas
650 _arecursos adicionales
700 _aDespacho del Viceministro de Planificción y Desarrollo Regional
_e
942 _cLIB
999 _c11254
_d11254